| 000 | 00418nam a22001577a 4500 | ||
|---|---|---|---|
| 003 | SGT | ||
| 020 | _a9789351529187 | ||
| 082 |
_a610.7343 _bC16B |
||
| 100 | _aBASAVANTHAPPA, BT. | ||
| 245 | _aCOMMUNITY HEALTH NURSING FOR B.SC & POST BASIC B. SC. NURSING STUDENTS VOL-2 | ||
| 250 | _a3RD | ||
| 260 |
_aINDIA _bJAYPEE PUB _c2016 |
||
| 300 | _a763-1477 | ||
| 650 | _aCOMMUNITY HEALTH NURSING | ||
| 942 |
_2ddc _cBK _068 |
||
| 999 |
_c21884 _d21884 |
||